[Event "Sant Adria de Besos op-B 5th"]
[Site "Sant Adria de Besos"]
[Date "2023.08.13"]
[Round "3"]
[White "Bieg Pagel, Clemens"]
[Black "Marugan Sanchez Gallegos, Daniel"]
[Result "1-0"]
[WhiteElo "1724"]
[BlackElo "1447"]
[PlyCount "45"]
[EventDate "2023.08.11"]
[EventType "swiss"]
[EventRounds "9"]
[EventCountry "ESP"]
[SourceTitle "EXT 2024"]
[Source "ChessBase"]
[SourceDate "2023.10.10"]
[SourceVersion "1"]
[SourceVersionDate "2023.10.10"]
[SourceQuality "1"]

1. e4 e6 2. Nf3 d5 3. Nc3 Nf6 4. e5 Nfd7 5. d4 c5 6. Bg5 Be7 7. Bxe7 Qxe7 8. Nb5 0-0 9. Nc7 Nxe5 10. Nxa8 Nxf3+ 11. Qxf3 cxd4 12. Qa3 Qd7 13. Qxa7 Nc6 14. Qb6 Qd6 15. Nc7 Qe5+ 16. Kd1 Qf4 17. f3 Ne5 18. Be2 Nd7 19. g3 Qe5 20. Qa5 b6 21. Qa7 Qd6 22. Nb5 Qb4 23. Qa3 1-0

[Event "Roncana op-B 13th"]
[Site "Santa Eulalia de Roncana"]
[Date "2019.10.12"]
[Round "3"]
[White "Lopez Torralba, Oscar"]
[Black "Marugan Sanchez Gallegos, Daniel"]
[Result "1-0"]
[WhiteElo "1518"]
[BlackElo "1468"]
[PlyCount "65"]
[EventDate "2019.09.28"]
[EventType "swiss"]
[EventRounds "8"]
[EventCountry "ESP"]
[SourceTitle "CBM 193 Extra"]
[Source "ChessBase"]
[SourceDate "2020.01.31"]
[SourceVersion "1"]
[SourceVersionDate "2020.01.31"]
[SourceQuality "1"]

1. e4 e6 2. d4 d5 3. Nd2 dxe4 4. Nxe4 Nf6 5. Nxf6+ Qxf6 6. Nf3 Qd8 7. c3 Be7 8. Bd3 Nd7 9. Qc2 Nf6 10. 0-0 0-0 11. Re1 h6 12. Ne5 Nd5 13. Bd2 Bg5 14. Bxg5 Qxg5 15. Nf3 Qf6 16. Ne5 Qd8 17. a3 Bd7 18. Qd2 Qe8 19. Re2 Nf6 20. Rae1 Bc6 21. Re3 b5 22. Rg3 Kh8 23. Rh3 Ng8 24. b4 Bd5 25. Ng4 f5 26. Nxh6 gxh6 27. Rxh6+ Nxh6 28. Qxh6+ Kg8 29. Bxb5 Qf7 30. Re3 Qf6 31. Rg3+ Kf7 32. Qh7+ Qg7 33. Qxg7# 1-0